Dynamická analýza rozbehového režimu lineárnych polohovacích modulov v rovine. Štátna úloha rozvoja vedy a techniky č. A 07-119-807/01. Automatizácia montáže elektrotechnických výrobkov voľne programovateľnými technologickými zariadeniami

Salvato in:
Dettagli Bibliografici
Natura: Libro
Pubblicazione: Bratislava : STU v Bratislave SjF, 1989
Tags: Aggiungi Tag
Nessun Tag, puoi essere il primo ad aggiungerne!!

MARC

LEADER 00000nam a22000003a 4500
001 stu47039
005 20150408180152.1
008 ------s1989----cs----------------------d
040 |a STU  |b slo 
041 0
044 |a cs 
080 |a 531.39 
245 |a Dynamická analýza rozbehového režimu lineárnych polohovacích modulov v rovine. Štátna úloha rozvoja vedy a techniky č. A 07-119-807/01. Automatizácia montáže elektrotechnických výrobkov voľne programovateľnými technologickými zariadeniami 
260 |a Bratislava :  |b STU v Bratislave SjF,  |c 1989 
996 |b J85564  |c J*85564/VS  |l JJSK  |s A  |a 24  |w stu47039_0001